000
00290nam a22001337a 4500
008
170504b xxu||||| |||| 00| 0 eng d
020
_a
9780766017627
041
_a
eng
080
_a
343
100
_a
14
101
_a
SHJ
245
_a
HEADLINE COURT CASE
_c
FIRESIDE, H
942
_2
udc
_c
BK
999
_c
12676
_d
12676